Basic Business Communication /

Gespeichert in:
Bibliographische Detailangaben
1. Verfasser: Lesikar, Raymond V (Verfasst von)
Format: Buch
Sprache:Englisch
Veröffentlicht: Homewood : Richard D.Irwin, 1991
Ausgabe:5.Edition
Tags: Tag hinzufügen
Keine Tags, Fügen Sie das erste Tag hinzu!

MARC

LEADER 00000nam a22000003a 4500
001 stu22967
005 20150617225747.3
008 941208s1991----xxu-----------------eng-d
020 |a 0-256-08327-4 
040 |a STU  |b slo 
041 0 |a eng 
044 |a xxu 
080 |a 338.242 
100 1 |a Lesikar, Raymond V  |4 aut 
245 1 |a Basic Business Communication /  |c [aut.]Lesikar,Raymond V 
250 |a 5.Edition 
260 |a Homewood :  |b Richard D.Irwin,  |c 1991 
300 |a 666 s :  |b Obr.,tab.,grafy,lit.,index 
996 |b C93373  |c C*93373  |l CCXIV  |s P  |a 0  |w stu22967_0001